Statistiken für 5 größten deutschen Bundesländer nach Fläche - Kartenquiz

Klicken Sie hier um das Quiz zu spielen!

Allgemein

  • Dieses Quiz wurde 305 mal gespielt
  • Das Durchschnittsergebnis liegt bei 5 aus 5

Antworten auf der Karte

Die Antworten werden auf der Karte rot bzw. grün angezeigt, abhängig davon wie oft sie richtig erraten wurden.
 

Antwortstatistiken

Antwort% Korrekt
Bayern
99%
Brandenburg
94%
Baden-Württemberg
93%
Nordrhein-Westfalen
93%
Niedersachsen
91%

Verteilung der Resultate

Perzentil nach korrekt beantworteten Fragen

Anzahl Personen mit jedem Resultat

Ihre Resultats-Entwicklung

Sie haben dieses Quiz noch nicht gespielt